The Diffusion of E-commerce in Developing Economies : (Record no. 619981)

MARC details
000 -LEADER
fixed length control field 00529nam a2200181 a 4500
008 - FIXED-LENGTH DATA ELEMENTS--GENERAL INFORMATION
fixed length control field 260427s2006##################000#0#eng##
020 ## - INTERNATIONAL STANDARD BOOK NUMBER
ISBN 9781843765141
082 04 - DEWEY DECIMAL CLASSIFICATION NUMBER
Classification number 381.17209172
Item number SHA
100 1# - MAIN ENTRY--AUTHOR NAME
Personal name Karake-Shalhoub, Zeinab,
245 10 - TITLE STATEMENT
Title The Diffusion of E-commerce in Developing Economies :
260 ## - PUBLICATION, DISTRIBUTION, ETC. (IMPRINT)
Name of publisher Edward Elgar Publishing,
Year of publication 2006.
650 #0 - SUBJECT ADDED ENTRY--TOPICAL TERM
Topical Term Developing countries.
942 ## - ADDED ENTRY ELEMENTS (KOHA)
Koha item type English Books
Holdings
Withdrawn status Lost status Damaged status Not for loan Home library Current library Date acquired Full call number Accession Number Price effective from Koha item type
        Anna Centenary Library Anna Centenary Library 27.04.2026 381.17209172 SHA 342723 27.04.2026 English Books

Find us on the map